00524nam a2200157Ia 4500003000900000008004100009020002600050020002700076040001600103100002900119245002800148260003200176300002000208490003400228856010400262IN-BaIIA211028s9999 xx s 000 0 eng d a9781510629059 (Print) a9781510629066 (Online) cIIA Library aYamanashi, Takanori, ed. 0aZoom Lenses VIh[eBook] aWashington, USAbSPIEc2019 aOnline resource aProceedings of SPIE; V. 11106 uhttps://www.spiedigitallibrary.org/conference-proceedings-of-spie/11106yClick Here to Access eBook